000 00463nam a2200157Ia 4500
999 _c19370
_d19370
003 OSt
005 20200723144119.0
008 190216s9999||||xx |||||||||||||| ||und||
040 _coclc
082 _a954.02
_bMAJ/S
100 _aMajumdar, R C
_93013
245 0 _aA Simple History Of Medieval India /
_cR C Majumdar
260 _bSurjeet Publications,
_c1978.
_aDelhi:
300 _a460p
942 _cBK
_2ddc
_h954.02
_iMAJ/S
_k954.02
_mMAJ/S